01545cam a22002177a 4500020002500000041000800025082001500033100002500048245004700073250002700120260004800147300001600195500004700211505080000258650003801058650001901096942000701115952009401122952009401216999001701310 a9781610970518 (pbk.) aENG00a270.1bHAL1 aHall, Stuart George.10aDoctrine and practice in the early church  a2nd North American ed. aEugene, Or. :bCascade Books,c2011, c2005. ax, 262 p. ; aPrevious ed.: 2nd ed. London : SPCK, 2005.0 aGod and the gods -- Community and morality -- The message and the messengers -- Proliferation and excess -- Defence and definition: early apologists -- Tradition and the truth: Irenaeus of Lyons -- Latin theology launched: Tertullian -- Sectarian religion and episcopal authority -- One church, one baptism: Cyprian -- The Alexandrian heritage: Clement -- Origen the theologian -- The rise of Constantine -- Arius and the Council of Nicaea -- Councils and controversies: 327-361 -- Towards synthesis: 361-378 -- Theodosius I and the Council of Constantinople -- New spirituality: the monastic movement -- Origenism, Jerome and John Chrysostom -- Augustine of Hippo -- Cyril, Nestorius, and the Council of Ephesus -- Eutyches, Leo and the Council of Chalcedon -- The heritage of ancient theology. 0aTheology, Doctrinal, Early church 0aChurch history cBK 00104070aHMIbHMIcGENd2018-11-28l0o270.1 HALp11003951r2026-01-16w2026-01-16yBK 00104070aHMIbHMIcGENd2018-11-28l0o270.1 HALp11003952r2026-01-16w2026-01-16yBK c22558d22558